Estudios sobre los fundamentos del derecho penal

Bibliographic Details
Main Author: Přez del Valle, Carlos
Format: Unknown
Language:Spanish
Published: Madrid : Dykinson, 2006
Subjects:
Online Access:Acceso restringido

MARC

LEADER 00000ny a22000003n 4500
005 20110520114617.0
008 080612s2006 sp s 000 0 spa c
020 |a 8497729811 
035 |a 1731 
040 |a UMA.RE  |d vLex 
080 |a 343(460)(0.034) 
090 |c 89  |d 89 
100 1 |a Přez del Valle, Carlos 
245 1 0 |a Estudios sobre los fundamentos del derecho penal  |h [Recurso electrn̤ico]  |c Carlos Přez del Valle 
256 |a Servicio en ln̕ea 
260 |a Madrid :  |b Dykinson,  |c 2006 
506 1 |a Contenido solo disponible en los productos indicados  |d vLex Global  |d vLex Global (Academic Edition, excluding Law Schools)  |d vLex Global (U.S. Academic Edition, Law Schools)  |d vLex Global (U.S. Academic Edition, excluding Law Schools)  |d vLex Global (Academic Edition, Law Schools) 
650 0 7 |a Penal  |2 Tesauro vLex 
650 0 7 |a Derecho penal  |2 Tesauro vLex 
740 0 |a vLex Libros (Servicios en ln̕ea) 
856 4 0 |u http://vlex.com/source/1731  |z Acceso restringido 
942 |c BOOK 
999 0 4 |a Criminal law  |z Spain  |v On line